[Event "31. Abierto Ciudad de Sevilla"]
[Site "Sevilla ESP"]
[Date "2006.01.13"]
[Round "7.17"]
[White "Lopez Martinez, Josep Manuel"]
[Black "Lazaro Porta, Angel"]
[Result "1-0"]
[WhiteElo "2518"]
[BlackElo "2124"]
[PlyCount "91"]
[EventDate "2006.01.07"]
[EventType "swiss"]
[EventRounds "9"]
[EventCountry "ESP"]
[Source "lmi"]
[SourceDate "2006.01.09"]

1. c4 g6 2. d4 Bg7 3. Nf3 d6 4. Nc3 Nd7 5. e4 c6 6. Be2 e5 7. O-O Ne7 8. dxe5
dxe5 9. Be3 O-O 10. Qd6 Nf6 11. Bc5 Qxd6 12. Bxd6 Re8 13. Bxe5 Nd7 14. Bxg7
Kxg7 15. Rad1 Nf8 16. Nd4 Be6 17. f3 Rad8 18. Kf2 Bc8 19. c5 Ne6 20. Nxe6+ Bxe6
21. Rxd8 Rxd8 22. Rd1 Re8 23. a3 f6 24. Rd4 Kf7 25. Rb4 Rb8 26. Ke3 Ke8 27. Bc4
Bxc4 28. Rxc4 b5 29. cxb6 axb6 30. Rd4 b5 31. Kd2 Rb7 32. Kc2 Nc8 33. Kb3 Rc7
34. Rd1 Ke7 35. Rc1 Kd7 36. Kc2 Nd6 37. b3 Ra7 38. a4 b4 39. Nd1 Ra5 40. Ne3 f5
41. Rd1 Rc5+ 42. Nc4 Ke7 43. Rxd6 Rxc4+ 44. bxc4 Kxd6 45. a5 fxe4 46. fxe4 1-0

[Event "31. Abierto Ciudad de Sevilla"]
[Site "Sevilla ESP"]
[Date "2006.01.13"]
[Round "7.18"]
[White "Aranaz Portugues, Jose C"]
[Black "Rizouk, Aimen"]
[Result "0-1"]
[WhiteElo "2084"]
[BlackElo "2500"]
[PlyCount "78"]
[EventDate "2006.01.07"]
[EventType "swiss"]
[EventRounds "9"]
[EventCountry "ESP"]
[Source "lmi"]
[SourceDate "2006.01.09"]

1. d4 Nf6 2. Bg5 e6 3. e4 h6 4. Bxf6 Qxf6 5. Nc3 d6 6. Qd2 Nd7 7. f4 g5 8. Nb5
Kd8 9. f5 exf5 10. exf5 Qxf5 11. Bd3 Qf4 12. Qxf4 gxf4 13. Ne2 f3 14. gxf3 Nf6
15. c4 h5 16. O-O-O h4 17. d5 Bh6+ 18. Kc2 Be3 19. Be4 Re8 20. Kd3 Bh6 21. Nbd4
Re5 22. Rhg1 Bh3 23. Nc3 Kd7 24. Rde1 Rae8 25. b4 Nh5 26. c5 dxc5 27. bxc5 f5
28. c6+ bxc6 29. dxc6+ Kd8 30. Rb1 fxe4+ 31. fxe4 Nf4+ 32. Kc2 Rg5 33. Rgd1
Rg2+ 34. Nce2 Ke7 35. Rb7 Nxe2 36. Rxc7+ Kf8 37. Nf5 Nd4+ 38. Kd3 Nxf5 39. exf5
Rd8+ 0-1

[Event "31. Abierto Ciudad de Sevilla"]
[Site "Sevilla ESP"]
[Date "2006.01.13"]
[Round "7.19"]
[White "Vehi Bach, Victor Manuel"]
[Black "Troncoso Gutierrez, Adrian"]
[Result "1-0"]
[WhiteElo "2385"]
[BlackElo "2107"]
[PlyCount "35"]
[EventDate "2006.01.07"]
[EventType "swiss"]
[EventRounds "9"]
[EventCountry "ESP"]
[Source "lmi"]
[SourceDate "2006.01.09"]

1. e4 c5 2. Nf3 d6 3. d4 cxd4 4. Nxd4 Nf6 5. Nc3 a6 6. Be3 e6 7. f4 Nbd7 8. Qf3
Qc7 9. Bd3 b5 10. g4 Nb6 11. g5 Nfd7 12. O-O Be7 13. Qh3 Bb7 14. g6 Nf8 15.
gxf7+ Kxf7 16. f5 e5 17. Ne6 Qc8 18. Bxb6 1-0

[Event "31. Abierto Ciudad de Sevilla"]
[Site "Sevilla ESP"]
[Date "2006.01.13"]
[Round "7.20"]
[White "Gomez Cerezo, Diego Jesus"]
[Black "Mellado Triviño, Juan"]
[Result "0-1"]
[WhiteElo "2074"]
[BlackElo "2382"]
[PlyCount "56"]
[EventDate "2006.01.07"]
[EventType "swiss"]
[EventRounds "9"]
[EventCountry "ESP"]
[Source "lmi"]
[SourceDate "2006.01.09"]

1. d4 e6 2. c4 b6 3. Nc3 Bb7 4. e4 Bb4 5. Bd3 f5 6. Qe2 Nf6 7. Bg5 fxe4 8. Bxe4
Bxe4 9. Bxf6 Qxf6 10. Qxe4 Nc6 11. Nf3 Bxc3+ 12. bxc3 O-O 13. O-O Qf5 14. Rae1
Na5 15. d5 Rae8 16. Qd4 Nb7 17. Re5 Qg6 18. Re3 Nc5 19. Rfe1 Qh6 20. Ne5 Rf4
21. Qd2 Re4 22. Qd1 Rxe3 23. Rxe3 Rf8 24. Qe2 Qf4 25. g3 Qf5 26. Kg2 exd5 27.
cxd5 d6 28. Nc6 Qxd5+ 0-1

[Event "31. Abierto Ciudad de Sevilla"]
[Site "Sevilla ESP"]
[Date "2006.01.14"]
[Round "8.1"]
[White "Spraggett, Kevin"]
[Black "Gomez Esteban, Juan Mario"]
[Result "1/2-1/2"]
[WhiteElo "2581"]
[BlackElo "2490"]
[PlyCount "162"]
[EventDate "2006.01.07"]
[EventType "swiss"]
[EventRounds "9"]
[EventCountry "ESP"]
[Source "lmi"]
[SourceDate "2006.01.09"]

1. e4 c6 2. d4 d5 3. e5 Bf5 4. Nf3 e6 5. Be2 Nd7 6. O-O h6 7. Nbd2 Ne7 8. c3
Bh7 9. Nb3 Qc7 10. Re1 Ng6 11. h4 O-O-O 12. h5 Ne7 13. Nc5 Nxc5 14. dxc5 g5 15.
Bd3 Be4 16. b4 Bg7 17. Rb1 Bxe5 18. Nxe5 Qxe5 19. b5 cxb5 20. Rxb5 Qc7 21. Bf1
Nc6 22. Re2 Rd7 23. Reb2 Kb8 24. f3 Bh7 25. Rxb7+ Qxb7 26. Qa4 Qxb2 27. Bxb2
Rc7 28. Bb5 Rhc8 29. Bc1 Ka8 30. Be3 f6 31. Bf2 e5 32. Qd1 Rd8 33. Kh2 Bg8 34.
Qd3 e4 35. Bxc6+ Rxc6 36. fxe4 Rcc8 37. exd5 Bxd5 38. Qg6 Bc6 39. Qxh6 Rh8 40.
Qg6 Rcg8 41. Qxf6 Rxh5+ 42. Kg3 Rc8 43. Bd4 Rhh8 44. a4 Rhf8 45. Qg7 Rg8 46.
Qh7 Rge8 47. Qg7 Re2 48. Bf2 Ree8 49. a5 Rg8 50. Qd4 Rgd8 51. Qf6 Rf8 52. Qg6
Kb7 53. Bd4 Rfe8 54. Qh7+ Ka6 55. Qd3+ Kb7 56. a6+ Ka8 57. Qf5 Rf8 58. Qg6 Rg8
59. Qh5 g4 60. Be5 Rge8 61. Qf5 Rf8 62. Qh7 Rfe8 63. Qg7 Rg8 64. Qf6 Rgf8 65.
Qg5 Rg8 66. Qd2 Rgd8 67. Bd6 Rg8 68. Qd3 Rge8 69. c4 Rg8 70. Qh7 Rh8 71. Qf7
Rhd8 72. Qf4 Rg8 73. Qf6 Rge8 74. Be7 Rg8 75. Qe5 Rge8 76. Qd6 Rg8 77. Bh4 Rge8
78. Be7 Rg8 79. Qe5 Rge8 80. Qd6 Rg8 81. Bh4 Rge8 1/2-1/2

[Event "31. Abierto Ciudad de Sevilla"]
[Site "Sevilla ESP"]
[Date "2006.01.14"]
[Round "8.2"]
[White "Mirzoev, Azer"]
[Black "Matamoros Franco, Carlos S"]
[Result "1/2-1/2"]
[WhiteElo "2498"]
[BlackElo "2510"]
[PlyCount "21"]
[EventDate "2006.01.07"]
[EventType "swiss"]
[EventRounds "9"]
[EventCountry "ESP"]
[Source "lmi"]
[SourceDate "2006.01.09"]

1. d4 Nf6 2. c4 g6 3. Nc3 Bg7 4. g3 O-O 5. Bg2 d6 6. e3 c6 7. Nge2 a5 8. O-O
Na6 9. b3 e5 10. Bb2 Re8 11. a3 1/2-1/2

[Event "31. Abierto Ciudad de Sevilla"]
[Site "Sevilla ESP"]
[Date "2006.01.14"]
[Round "8.3"]
[White "Khamrakulov, Ibragim S"]
[Black "Paunovic, Dragan"]
[Result "1/2-1/2"]
[WhiteElo "2499"]
[BlackElo "2475"]
[PlyCount "69"]
[EventDate "2006.01.07"]
[EventType "swiss"]
[EventRounds "9"]
[EventCountry "ESP"]
[Source "lmi"]
[SourceDate "2006.01.09"]

1. e4 d6 2. d4 Nf6 3. Bd3 e5 4. c3 g6 5. Ne2 Bg7 6. O-O O-O 7. f4 exd4 8. cxd4
Nc6 9. Nbc3 Nb4 10. Bb1 c5 11. a3 Na6 12. e5 Ne8 13. dxc5 Nxc5 14. Be3 Be6 15.
Bc2 Rc8 16. Ng3 Bc4 17. Rf3 b6 18. exd6 Qxd6 19. f5 Qxd1+ 20. Rxd1 Bxc3 21.
bxc3 Ng7 22. Rd4 Ba2 23. h4 Rcd8 24. h5 Bb3 25. Rxd8 Rxd8 26. Bxb3 Nxb3 27. h6
Ne8 28. Bg5 f6 29. fxg6 hxg6 30. Bxf6 Nxf6 31. Rxf6 Kh7 32. Rf7+ Kxh6 33. Ne2
Nc1 34. Nxc1 Rd1+ 35. Kf2 1/2-1/2

[Event "31. Abierto Ciudad de Sevilla"]
[Site "Sevilla ESP"]
[Date "2006.01.14"]
[Round "8.6"]
[White "Alonso, Rene"]
[Black "Dizdar, Goran"]
[Result "1/2-1/2"]
[WhiteElo "2392"]
[BlackElo "2531"]
[PlyCount "28"]
[EventDate "2006.01.07"]
[EventType "swiss"]
[EventRounds "9"]
[EventCountry "ESP"]
[Source "lmi"]
[SourceDate "2006.01.09"]

1. d4 Nf6 2. c4 e6 3. Nf3 Bb4+ 4. Nc3 O-O 5. Bg5 h6 6. Bh4 c5 7. e3 cxd4 8.
exd4 Qa5 9. Bd3 Bxc3+ 10. bxc3 Qxc3+ 11. Kf1 Nh5 12. Rc1 Qa3 13. Qd2 Nc6 14.
Rc3 Qa5 1/2-1/2

[Event "31. Abierto Ciudad de Sevilla"]
[Site "Sevilla ESP"]
[Date "2006.01.14"]
[Round "8.7"]
[White "Perez Candelario, Manuel"]
[Black "Komljenovic, Davor"]
[Result "1-0"]
[WhiteElo "2511"]
[BlackElo "2458"]
[PlyCount "57"]
[EventDate "2006.01.07"]
[EventType "swiss"]
[EventRounds "9"]
[EventCountry "ESP"]
[Source "lmi"]
[SourceDate "2006.01.09"]

1. e4 c5 2. Nf3 d6 3. d4 cxd4 4. Nxd4 Nf6 5. Nc3 a6 6. Be3 e6 7. f3 h5 8. Qd2
Nbd7 9. O-O-O b5 10. Bd3 Bb7 11. Rhe1 Be7 12. h3 h4 13. a3 Qc7 14. Bg5 Ne5 15.
f4 Nxd3+ 16. Qxd3 Nh5 17. Bxe7 Qxe7 18. Nf5 Nxf4 19. Qxd6 exf5 20. Qxf4 fxe4
21. Nxe4 O-O 22. Nd6 Qc7 23. Re5 Rad8 24. Rh5 f6 25. Qb4 g5 26. Qb3+ Rf7 27.
Rh8+ Kxh8 28. Nxf7+ Kg7 29. Nxd8 1-0

[Event "31. Abierto Ciudad de Sevilla"]
[Site "Sevilla ESP"]
[Date "2006.01.14"]
[Round "8.8"]
[White "Teran Alvarez, Ismael"]
[Black "Del Rio Angelis, Salvador Gabriel"]
[Result "1/2-1/2"]
[WhiteElo "2446"]
[BlackElo "2497"]
[PlyCount "51"]
[EventDate "2006.01.07"]
[EventType "swiss"]
[EventRounds "9"]
[EventCountry "ESP"]
[Source "lmi"]
[SourceDate "2006.01.09"]

1. e4 e5 2. Nf3 Nc6 3. Bb5 f5 4. Bxc6 bxc6 5. Nxe5 Qe7 6. d4 d6 7. Nxc6 Qxe4+
8. Qe2 Qxe2+ 9. Kxe2 Bb7 10. d5 Nf6 11. c4 Ba6 12. b3 Nxd5 13. Rd1 Nf6 14. f3
d5 15. Kf2 Bc5+ 16. Be3 Bxe3+ 17. Kxe3 dxc4 18. Nc3 cxb3 19. axb3 Bb7 20. Nxa7
c6 21. b4 O-O 22. Kf2 Rfd8 23. Rxd8+ Rxd8 24. Ra2 Rd4 25. b5 cxb5 26. Naxb5
1/2-1/2

[Event "31. Abierto Ciudad de Sevilla"]
[Site "Sevilla ESP"]
[Date "2006.01.14"]
[Round "8.9"]
[White "Sanz Alonso, Francisco Javier"]
[Black "Movsziszian, Karen"]
[Result "0-1"]
[WhiteElo "2385"]
[BlackElo "2486"]
[PlyCount "127"]
[EventDate "2006.01.07"]
[EventType "swiss"]
[EventRounds "9"]
[EventCountry "ESP"]
[Source "lmi"]
[SourceDate "2006.01.09"]

1. e4 d6 2. d4 g6 3. Nc3 Bg7 4. Be3 a6 5. Qd2 Nd7 6. Nf3 b5 7. a4 b4 8. Na2 c5
9. c3 bxc3 10. Nxc3 cxd4 11. Bxd4 Ngf6 12. Bc4 O-O 13. O-O Bb7 14. Qe2 e5 15.
Be3 Nxe4 16. Nxe4 Bxe4 17. Rfd1 Bb7 18. Rxd6 e4 19. Ng5 Qe7 20. Rad1 Ne5 21.
Bd5 Qxd6 22. Bxb7 Qb4 23. Bxa8 Rxa8 24. Qc2 Nd3 25. Qc6 Rb8 26. Qxe4 Qxe4 27.
Nxe4 Nxb2 28. Rb1 Rc8 29. a5 f5 30. Nd2 Kf7 31. Nf3 Rc4 32. g3 Ke7 33. Nd4 Rxd4
34. Bxd4 Bxd4 35. Kf1 Kd6 36. Ke2 Bc3 37. Rc1 Bxa5 38. Rc2 Na4 39. Rc8 Nc3+ 40.
Kd3 Bb4 41. Rh8 a5 42. Rxh7 Ke6 43. f3 Nb5 44. h4 Nd6 45. g4 f4 46. h5 gxh5 47.
Rh6+ Kf7 48. g5 Kg7 49. Rf6 Nf7 50. Rf5 Nh8 51. Ke4 Ng6 52. Rb5 h4 53. Rb7+ Be7
54. Ra7 h3 55. Rxa5 h2 56. Ra1 Bc5 57. Rh1 Bg1 58. Kf5 Kf7 59. Kg4 Ke6 60. Kh5
Ne5 61. Kh6 Kf5 62. Kh5 Nxf3 63. g6 Ne5 64. g7 0-1

[Event "31. Abierto Ciudad de Sevilla"]
[Site "Sevilla ESP"]
[Date "2006.01.14"]
[Round "8.10"]
[White "Lopez Martinez, Josep Manuel"]
[Black "Recuero Guerra, David"]
[Result "1/2-1/2"]
[WhiteElo "2518"]
[BlackElo "2315"]
[PlyCount "76"]
[EventDate "2006.01.07"]
[EventType "swiss"]
[EventRounds "9"]
[EventCountry "ESP"]
[Source "lmi"]
[SourceDate "2006.01.09"]

1. d4 f5 2. Nc3 Nf6 3. Bg5 d5 4. e3 g6 5. h4 Bg7 6. h5 Nxh5 7. Rxh5 gxh5 8.
Qxh5+ Kf8 9. O-O-O c6 10. Bd3 Qe8 11. Qh4 h6 12. Bf4 Be6 13. g4 fxg4 14. f3 Nd7
15. fxg4 b5 16. Nf3 b4 17. Na4 Bf7 18. Rf1 Kg8 19. Ne5 Nxe5 20. Bxe5 Bxe5 21.
dxe5 Bg6 22. Nc5 Rh7 23. Ne6 Bxd3 24. Rf8+ Qxf8 25. Nxf8 Rxf8 26. cxd3 c5 27.
Qh1 e6 28. Qh5 Kg7 29. e4 dxe4 30. dxe4 Rhh8 31. Qh4 Rf7 32. b3 Rhf8 33. Kd2 a6
34. g5 Rf2+ 35. Ke1 Rf1+ 36. Ke2 R8f2+ 37. Ke3 Rf3+ 38. Ke2 R3f2+ 1/2-1/2

[Event "31. Abierto Ciudad de Sevilla"]
[Site "Sevilla ESP"]
[Date "2006.01.14"]
[Round "8.11"]
[White "Narciso Dublan, Marc"]
[Black "Razmyslov, Alexander"]
[Result "1-0"]
[WhiteElo "2525"]
[BlackElo "2329"]
[PlyCount "63"]
[EventDate "2006.01.07"]
[EventType "swiss"]
[EventRounds "9"]
[EventCountry "ESP"]
[Source "lmi"]
[SourceDate "2006.01.09"]

1. d4 e6 2. g3 c5 3. Nf3 Nc6 4. Bg2 d5 5. O-O Nf6 6. c4 dxc4 7. Qa4 Bd7 8. Qxc4
b5 9. Qd3 Rc8 10. dxc5 Bxc5 11. Nc3 Nb4 12. Qd1 Bc6 13. Qxd8+ Rxd8 14. Bg5 h6
15. Bxf6 gxf6 16. Rfc1 Bb6 17. Ne1 Bxg2 18. Kxg2 a6 19. a3 Nd5 20. Nxd5 Rxd5
21. Rc6 Bd8 22. Nd3 a5 23. Rac1 Rg8 24. f4 Be7 25. Rc8+ Rd8 26. R1c7 b4 27.
axb4 axb4 28. Kf3 h5 29. Rxd8+ Bxd8 30. Rb7 h4 31. Nxb4 hxg3 32. hxg3 1-0

[Event "31. Abierto Ciudad de Sevilla"]
[Site "Sevilla ESP"]
[Date "2006.01.14"]
[Round "8.12"]
[White "Rizouk, Aimen"]
[Black "Garcia Luque, Agustin"]
[Result "1-0"]
[WhiteElo "2500"]
[BlackElo "2355"]
[PlyCount "67"]
[EventDate "2006.01.07"]
[EventType "swiss"]
[EventRounds "9"]
[EventCountry "ESP"]
[Source "lmi"]
[SourceDate "2006.01.09"]

1. e4 c6 2. d4 d5 3. Nc3 dxe4 4. Nxe4 Nd7 5. Bc4 Ngf6 6. Ng5 e6 7. Qe2 Nb6 8.
Bd3 h6 9. N5f3 c5 10. Be3 Nbd5 11. Ne5 a6 12. c3 cxd4 13. Bxd4 Nf4 14. Qf3
Nxd3+ 15. Qxd3 Qd5 16. Ngf3 b5 17. Ng6 Rg8 18. Nxf8 Kxf8 19. O-O Bb7 20. Rfe1
Qc4 21. Qd1 Rd8 22. a4 Ne4 23. axb5 Qxb5 24. Ne5 f6 25. c4 Qe8 26. Rxe4 fxe5
27. Bc5+ Kf7 28. Qf3+ Kg6 29. Rg4+ Kh7 30. Qxb7 Qa4 31. Re1 Rd1 32. Qe4+ Kh8
33. h3 Rgd8 34. Kh2 1-0

[Event "31. Abierto Ciudad de Sevilla"]
[Site "Sevilla ESP"]
[Date "2006.01.14"]
[Round "8.13"]
[White "Lanzani, Mario"]
[Black "Hoffman, Alejandro"]
[Result "0-1"]
[WhiteElo "2356"]
[BlackElo "2461"]
[PlyCount "164"]
[EventDate "2006.01.07"]
[EventType "swiss"]
[EventRounds "9"]
[EventCountry "ESP"]
[Source "lmi"]
[SourceDate "2006.01.09"]

1. e4 g6 2. d4 Bg7 3. Nf3 c5 4. d5 d6 5. Be2 Nf6 6. Nc3 O-O 7. O-O Na6 8. h3
Nc7 9. Re1 b6 10. Bc4 Bb7 11. Bf4 Qd7 12. Qe2 Nh5 13. Bd2 Bxc3 14. Bxc3 b5 15.
Bd3 c4 16. Bxc4 bxc4 17. Qxc4 f6 18. a4 Ba6 19. Qd4 e5 20. dxe6 Nxe6 21. Qd2
Bb7 22. Rad1 Qxa4 23. Qxd6 Nhg7 24. b3 Qc6 25. Qxc6 Bxc6 26. Nd4 Nxd4 27. Rxd4
Rac8 28. f3 Rf7 29. Bb2 Rb7 30. Rc4 Kf7 31. Rd1 Ne6 32. Bc3 Rbc7 33. Ra1 Bd7
34. Rxc7 Rxc7 35. Be1 Nd4 36. Bf2 Nxc2 37. Rxa7 Rxa7 38. Bxa7 Be6 39. Bb6 Bxb3
40. Ba5 Nd4 41. Kf2 Ke6 42. Bc3 Nc6 43. Ke3 Ne5 44. Ba1 Bc4 45. Bc3 Kd6 46.
Bb4+ Kc6 47. Be7 Nd7 48. Kf2 Kb5 49. Ke3 Ka4 50. Bd8 Kb3 51. Be7 Kc2 52. Bd8
Kd1 53. Kf2 Kd2 54. Ba5+ Kd3 55. Bd8 Kd4 56. Be7 Ke5 57. Bd8 g5 58. Ke3 Ke6 59.
Kf2 Ne5 60. Ba5 h5 61. Ke3 Bb5 62. Kf2 Be8 63. Bc3 Bc6 64. Ke3 Ng6 65. Bd4 Nf4
66. Kf2 Kf7 67. Bc3 Kg6 68. Bd4 Bd7 69. Be3 Nd3+ 70. Ke2 Bb5 71. Bd4 g4 72.
hxg4 hxg4 73. fxg4 Ne5+ 74. Kf2 Nxg4+ 75. Kg3 Ne5 76. Kf4 Nd3+ 77. Ke3 Kg5 78.
Bb6 Ne5 79. Bd8 Bc6 80. Be7 Kg6 81. Kf4 Nf7 82. g4 Ng5 0-1

[Event "31. Abierto Ciudad de Sevilla"]
[Site "Sevilla ESP"]
[Date "2006.01.14"]
[Round "8.14"]
[White "Carrasco Martinez, Juan Manuel"]
[Black "Romero Romero, Sebastian"]
[Result "1-0"]
[WhiteElo "2431"]
[BlackElo "2002"]
[PlyCount "71"]
[EventDate "2006.01.07"]
[EventType "swiss"]
[EventRounds "9"]
[EventCountry "ESP"]
[Source "lmi"]
[SourceDate "2006.01.09"]

1. d4 d5 2. Nf3 Nf6 3. c4 c6 4. e3 Bf5 5. Nc3 e6 6. Nh4 Be4 7. f3 Bg6 8. Nxg6
hxg6 9. Bd2 Bd6 10. f4 g5 11. g3 gxf4 12. exf4 dxc4 13. Bxc4 Nbd7 14. Qe2 Qe7
15. O-O-O O-O-O 16. Rhe1 Rde8 17. Be3 Nb6 18. Bb3 Nbd5 19. Bg1 Bb4 20. Rd3 Qc7
21. Kb1 Qb6 22. Rc1 Kb8 23. Nd1 Bd6 24. Nf2 Rhg8 25. Rdd1 g5 26. fxg5 Rxg5 27.
Nd3 Rh8 28. Rf1 Qd8 29. Ne5 Bxe5 30. dxe5 Nd7 31. Qf2 N7b6 32. Qxf7 Rhh5 33. g4
Rh4 34. Qxe6 Rhxg4 35. Bc5 a5 36. Rf8 1-0

[Event "31. Abierto Ciudad de Sevilla"]
[Site "Sevilla ESP"]
[Date "2006.01.14"]
[Round "8.15"]
[White "Barrero Garcia, Carlos"]
[Black "Kononenko, Tatiana"]
[Result "0-1"]
[WhiteElo "2302"]
[BlackElo "2417"]
[PlyCount "40"]
[EventDate "2006.01.07"]
[EventType "swiss"]
[EventRounds "9"]
[EventCountry "ESP"]
[Source "lmi"]
[SourceDate "2006.01.09"]

1. e4 e6 2. d4 d5 3. Nc3 Bb4 4. e5 Ne7 5. a3 Bxc3+ 6. bxc3 c5 7. Qg4 O-O 8. Bd3
f5 9. exf6 Rxf6 10. Qh5 h6 11. g4 c4 12. g5 g6 13. Qxh6 Rf7 14. Bxg6 Rg7 15.
Bh5 Rh7 16. Bf7+ Rxf7 17. g6 Rg7 18. Bg5 Qf8 19. Nh3 Qf3 20. Bxe7 Qxc3+ 0-1

[Event "31. Abierto Ciudad de Sevilla"]
[Site "Sevilla ESP"]
[Date "2006.01.14"]
[Round "8.16"]
[White "Melero Fidalgo, Juan de Dios"]
[Black "Vehi Bach, Victor Manuel"]
[Result "1-0"]
[WhiteElo "2195"]
[BlackElo "2385"]
[PlyCount "107"]
[EventDate "2006.01.07"]
[EventType "swiss"]
[EventRounds "9"]
[EventCountry "ESP"]
[Source "lmi"]
[SourceDate "2006.01.09"]

1. e4 c5 2. Nf3 e6 3. d4 cxd4 4. Nxd4 Nf6 5. Nc3 d6 6. Be3 a6 7. f3 Be7 8. Qd2
Nc6 9. O-O-O O-O 10. g4 Nd7 11. Kb1 Nde5 12. Be2 b5 13. f4 Nxd4 14. Bxd4 Nc6
15. Bf2 Bb7 16. Bd3 Nb4 17. h4 Qa5 18. a3 Nc6 19. Na2 Rac8 20. Rhe1 Qxd2 21.
Rxd2 Na5 22. b3 Nc6 23. Kb2 Nb8 24. c4 bxc4 25. Bxc4 Nd7 26. g5 Nc5 27. Nc3
Rfe8 28. f5 Bf8 29. Ree2 g6 30. f6 h5 31. Re1 Nd7 32. Red1 Nc5 33. Bd3 Rc7 34.
b4 Nxd3+ 35. Rxd3 Rec8 36. R1d2 Bc6 37. e5 d5 38. Bd4 Be8 39. Nb1 a5 40. bxa5
Bc5 41. Rc3 Ba4 42. Bxc5 Rxc5 43. Rd4 Bd7 44. Rxc5 Rxc5 45. Rb4 Rc8 46. Nc3 Kf8
47. a6 Ke8 48. Nb5 Bxb5 49. Rxb5 Ra8 50. Rb6 Kd7 51. Rb7+ Kc6 52. Rxf7 Rxa6 53.
Re7 Ra4 54. f7 1-0

[Event "31. Abierto Ciudad de Sevilla"]
[Site "Sevilla ESP"]
[Date "2006.01.14"]
[Round "8.18"]
[White "Speck, Nick"]
[Black "Romero Garcia, Mariano"]
[Result "1-0"]
[WhiteElo "2371"]
[BlackElo "2182"]
[PlyCount "153"]
[EventDate "2006.01.07"]
[EventType "swiss"]
[EventRounds "9"]
[EventCountry "ESP"]
[Source "lmi"]
[SourceDate "2006.01.09"]

1. e4 c5 2. Nc3 Nc6 3. g3 g6 4. Bg2 Bg7 5. d3 e6 6. Be3 d6 7. f4 Nge7 8. Nf3
O-O 9. O-O Qb6 10. Rb1 Bd7 11. Qd2 Nd4 12. Nd1 Nxf3+ 13. Bxf3 Qc7 14. Nf2 Bc6
15. c3 Rfd8 16. Bg2 b6 17. d4 d5 18. e5 Nf5 19. g4 Nxe3 20. Qxe3 Bb5 21. Rfc1
Rac8 22. Bf3 Qe7 23. g5 Rc7 24. Ng4 Rdc8 25. Qd2 a5 26. Kf2 cxd4 27. cxd4 Qb4
28. Ke3 Bf8 29. Qxb4 Bxb4 30. Rxc7 Rxc7 31. a3 Be7 32. Kd2 Kf8 33. Rc1 Rxc1 34.
Kxc1 Ke8 35. Kd2 Kd8 36. Kc3 Kc7 37. Nh6 Be8 38. Be2 b5 39. b4 a4 40. Ng8 Bd8
41. Bd3 Kb6 42. Kd2 Kc7 43. Ke3 Kb6 44. Kf3 Kc7 45. Kg4 Kc8 46. Kf3 Kc7 47. Kf2
Kc8 48. Bb1 Kc7 49. Ba2 Kc6 50. Kf3 Kc7 51. Kg4 Kc8 52. Kf3 Kc7 53. Bb1 Kc8 54.
Bc2 Kc7 55. h3 Kc8 56. Bd3 Kc7 57. Nf6 Bxf6 58. gxf6 Kd8 59. Kg4 Bd7 60. Kg5
Ke8 61. Kh6 Kf8 62. Kxh7 Bc6 63. h4 Bd7 64. Be2 Be8 65. Bf3 Bc6 66. Bg4 Bd7 67.
Kh8 Bc8 68. h5 gxh5 69. Bxh5 Bd7 70. Be2 Be8 71. Bd3 Bd7 72. Kh7 Bc6 73. f5 Bd7
74. fxe6 fxe6 75. Kg6 Be8+ 76. f7 Bxf7+ 77. Kf6 1-0

[Event "31. Abierto Ciudad de Sevilla"]
[Site "Sevilla ESP"]
[Date "2006.01.14"]
[Round "8.19"]
[White "Hickl, Joerg"]
[Black "Garcia Burguillo, Jose Maria"]
[Result "1-0"]
[WhiteElo "2555"]
[BlackElo "1957"]
[PlyCount "63"]
[EventDate "2006.01.07"]
[EventType "swiss"]
[EventRounds "9"]
[EventCountry "ESP"]
[Source "lmi"]
[SourceDate "2006.01.09"]

1. Nf3 Nf6 2. g3 g6 3. b4 Bg7 4. Bb2 d5 5. Bg2 O-O 6. O-O c6 7. d3 Qb6 8. a3 a5
9. Bd4 Qc7 10. Be5 Qb6 11. Nbd2 Nbd7 12. Bc3 axb4 13. axb4 Rxa1 14. Qxa1 Nh5
15. Bxg7 Nxg7 16. Rb1 Qc7 17. c4 Nf6 18. b5 cxb5 19. Rxb5 Bd7 20. Rb1 dxc4 21.
Nxc4 Bc6 22. Rc1 Rc8 23. Nce5 Nd7 24. Ng4 Nf5 25. Nh4 Nf6 26. Nxf5 gxf5 27.
Nxf6+ exf6 28. Bxc6 bxc6 29. Qxf6 Qd7 30. Rc5 Qe6 31. Qxf5 Qxf5 32. Rxf5 1-0

[Event "31. Abierto Ciudad de Sevilla"]
[Site "Sevilla ESP"]
[Date "2006.01.14"]
[Round "8.20"]
[White "Salgado Lopez, Ivan"]
[Black "Del Campo Gomez, Jose Luis"]
[Result "1-0"]
[WhiteElo "2366"]
[BlackElo "2103"]
[PlyCount "109"]
[EventDate "2006.01.07"]
[EventType "swiss"]
[EventRounds "9"]
[EventCountry "ESP"]
[Source "lmi"]
[SourceDate "2006.01.09"]

1. e4 c5 2. Nf3 Nc6 3. d4 cxd4 4. Nxd4 Nf6 5. Nc3 e5 6. Ndb5 d6 7. Bg5 a6 8.
Na3 b5 9. Bxf6 gxf6 10. Nd5 f5 11. Bd3 Be6 12. O-O Bxd5 13. exd5 Ne7 14. c3 Bg7
15. Qh5 e4 16. Bc2 O-O 17. Rad1 Qc8 18. Bb3 f4 19. Nc2 Kh8 20. Nd4 Be5 21. Bc2
f5 22. Ne2 Rf6 23. f3 e3 24. Rfe1 Qg8 25. Qh4 Rc8 26. Kh1 Ng6 27. Qh3 Ne7 28.
g3 Ng6 29. Bxf5 fxg3 30. f4 Nxf4 31. Nxf4 Rxf5 32. Qxf5 Rf8 33. Qe6 Bxf4 34.
Qxg8+ Rxg8 35. hxg3 Rxg3 36. Rd4 Rh3+ 37. Kg2 Rg3+ 38. Kf1 Bg5 39. Re2 h6 40.
Re4 Rf3+ 41. Kg2 Rf5 42. Rd4 Kg7 43. b3 Kf6 44. a4 Ke5 45. Rb4 Kxd5 46. axb5 a5
47. Ra4 Re5 48. Kf1 Kc5 49. Rea2 Bd8 50. Rd4 Bc7 51. Rc4+ Kb6 52. Rc6+ Kb7 53.
c4 h5 54. Rg2 Re7 55. Ke2 1-0